000 00883nam a2200205Ia 4500
003 GCL
008 140319s9999 xx 000 0 ara d
040 _aGCL /
_cGCL
082 0 4 _a237
_bع ا
100 1 _aابن عساكر: ابومحمد القاسم على بن الحسن بن هبة الله بن الحسين
245 1 0 _aكتاب الاربعين البلدانية عن أربعين من أربعين لأربعين فى اربعين /
_cابن عساكر: ابومحمد القاسم على بن الحسن بن هبة الله بن الحسين
700 1 _aمحمد مطيع الحافظ
260 _aسوريا :
_bدار الفكر ،
_c1992
260 _aبيروت :
_bدار الفكر المعاصر ،
_c1992
300 _a248 ص ؛
_c24 سم
490 _a
650 0 4 _aالاسلام
650 0 4 _aالاحاديث النبوية
942 _2ddc
_cBK
999 _c30131
_d30131